Statistics for Marvel Contest of Champions- Skill

Click here to take the quiz!

General Stats

  • This quiz has been taken 14 times
  • The average score is 21 of 41

Answer Stats

Answer% Correct
Black Widow
88%
Black Widow (Deadly Origin)
88%
Daredevil
88%
Daredevil (Hell's Kitchen)
88%
Black Panther
75%
Black Panther (Civil War)
75%
Hawkeye
75%
Nick Fury
75%
Winter Soldier
75%
Attuma
63%
Baron Zemo
63%
Blade
63%
Elektra
63%
Falcon
63%
Jabari Panther
63%
Killmonger
63%
Moon Knight
63%
Punisher
63%
Agent Venom
50%
Black Cat
50%
Karnak
50%
Kingpin
50%
Kraven
50%
Misty Knight
50%
Shang-Chi
50%
Aegon
38%
Elsa Bloodstone
38%
Gwenpool
38%
Hit-Monkey
38%
Night Thrasher
38%
Taskmaster
38%
Thor (Ragnarok)
38%
Valkyrie
38%
Korg
25%
Mantis
25%
Ronin
25%
Squirrel Girl
25%
Crossbones
13%
Masacre
13%
Mole Man
13%
Spider-Man (Stealth Suit)
13%

Score Distribution

Percentile by Number Answered

Percent of People with Each Score

Your Score History

You have not taken this quiz